000 00914nam0a22002771 4500
001 RU\INFOCOMM_327\NLR\5000084795
005 20260406073519.0
010 _92200 экз.
_d1 р.
035 _a(NLR Aleph) 010936543
090 _a13311206
_c13311206
100 _a20130327d1941 u y0rusy50 ca
101 0 _afre
102 _aLT
105 _aa z |||||
200 1 _aValmy
210 _aKaunas
_cLTSR valstybine leidykla
_d1941
215 _a44 с.
_cил.
_d18 см
500 1 0 _aФранцузский язык
_mrus
_jКниги для самостоятельного чтения
700 1 _4070
_7ba
_8fre
_aRolland
_bR.
_f1866-1944
_gRomain
_3RU\NLR\AUTH\770132448
_9132414
801 1 _aRU
_bInfocomm
_c20130327
801 0 _aRU
_bINFOCOMM
_gPSBO
852 _aNLR
_jЛ61 Г-4/1
_y2 экз.
942 _cBOOK
945 _aРоссийская национальная библиотека
980 _aBV
980 _aNB